Library Logo

Pioneer International University Library Catalogue

Paka Wa Bibi (Record no. 9426)

MARC details
000 -LEADER
fixed length control field 00282nam a22001217a 4500
005 - DATE AND TIME OF LATEST TRANSACTION
control field 20250901165812.0
008 - FIXED-LENGTH DATA ELEMENTS--GENERAL INFORMATION
fixed length control field 250327b |||||||| |||| 00| 0 eng d
020 ## - INTERNATIONAL STANDARD BOOK NUMBER
International Standard Book Number 9789966362100
050 ## - LIBRARY OF CONGRESS CALL NUMBER
Classification number PL 8704 .M64 2015
245 ## - TITLE STATEMENT
Title Paka Wa Bibi
Statement of responsibility, etc. MOHAMED SAID
300 ## - PHYSICAL DESCRIPTION
Extent 101
942 ## - ADDED ENTRY ELEMENTS (KOHA)
Source of classification or shelving scheme Library of Congress Classification
Holdings
Withdrawn status Lost status Source of classification or shelving scheme Damaged status Not for loan Collection Home library Current library Shelving location Date acquired Source of acquisition Total checkouts Full call number Barcode Date last seen Copy number Price effective from Koha item type
    Library of Congress Classification       Main Library Main Library   03/21/2025 Donation from KICD   PL 8704 .M64 2015 PIUD0000464 03/27/2025 1 03/27/2025 Books
    Library of Congress Classification       Main Library Main Library   03/21/2025 Donation from KICD   PL 8704 .M64 2015 PIUD0000465 03/27/2025 2 03/27/2025 Books